Black belt karate / (Record no. 45320)

MARC details
000 -LEADER
fixed length control field 00665nam a22001934a 4500
005 - DATE AND TIME OF LATEST TRANSACTION
control field 20100913114832.0
020 ## - INTERNATIONAL STANDARD BOOK NUMBER
International Standard Book Number 9781847730053
Terms of availability 795.00
037 ## - SOURCE OF ACQUISITION
Source of stock number/acquisition Pansy Books
082 00 - DEWEY DECIMAL CLASSIFICATION NUMBER
Classification number 796.8153
100 ## - MAIN ENTRY--PERSONAL NAME
Personal name Thompson, Chris
245 10 - TITLE STATEMENT
Title Black belt karate /
Statement of responsibility, etc by Chris Thompson
260 ## - PUBLICATION, DISTRIBUTION, ETC. (IMPRINT)
Name of publisher, distributor, etc New Holland Publishers
Date of publication, distribution, etc 2008
Place of publication, distribution, etc London
270 ## - ADDRESS
Address 86 Edgware Road,
City London
300 ## - PHYSICAL DESCRIPTION
Extent 160p.
Other physical details photos
Dimensions 27cm(Hb)
504 ## - BIBLIOGRAPHY, ETC. NOTE
Bibliography, etc Includes index
942 ## - ADDED ENTRY ELEMENTS (KOHA)
Source of classification or shelving scheme Dewey Decimal Classification
Item type English Books
Classification part 796.8153
Call number suffix THO
Holdings
Withdrawn status Lost status Not for loan Collection code Home library Current library Date acquired Cost, normal purchase price Full call number Copy number Cost, replacement price Koha item type
    Ordered Non-fiction Andrews Gunj Andrews Gunj 13/09/2010 795.00 796.8153 THO 1 795.00 English Books

© Delhi Public Library
Hit Counter
free hit counter